| 000 | 00000cam 2200000zi 4500 |
| 001 | 9.945577 |
| 003 | CaOODSP |
| 005 | 20260202114808 |
| 006 | m o d f |
| 007 | cr |n||||||||| |
| 008 | 241126s1983 onc ob f000 0 fre d |
| 040 | |aCaOODSP|bfre|erda|cCaOODSP |
| 043 | |an-cn--- |
| 086 | 1 |aJ2-501/1983F-PDF |
| 100 | 1 |aMacGuigan, Mark, |d1931-1998 |eauteur. |
| 245 | 13|aLa réforme du Sénat : |bdocument de travail / |cle ministre de la Justice, l'honorable Mark MacGuigan. |
| 264 | 1|a[Ottawa] : |bGouvernement du Canada = Government of Canada, |c[1983] |
| 300 | |a1 ressource en ligne (2, 44 pages) |
| 336 | |atexte|btxt|2rdacontent/fre |
| 337 | |ainformatique|bc|2rdamedia/fre |
| 338 | |aressource en ligne|bcr|2rdacarrier/fre |
| 500 | |aÉdition numérisée de l'imprimée [par Direction des publications du Gouvernement du Canada]. |
| 500 | |aPublié aussi en anglais sous le titre : Reform of the Senate : a discussion paper. |
| 504 | |aComprend des références bibliographiques. |
| 610 | 16|aCanada.|bParlement.|bSénat|xRéforme. |
| 650 | 6|aParlements|zCanada|xRéforme. |
| 710 | 1 |aCanada. |bMinistère de la justice, |eorganisme de publication. |
| 775 | 08|tReform of the Senate : |w(CaOODSP)9.902404 |
| 856 | 40|qPDF|s3.95 Mo|uhttps://publications.gc.ca/collections/collection_2024/jus/J2-501-1983-fra.pdf |